000 01022cab a22001935a 4500
001 L138697
008 070703s2007 xxka f 000 0 eng d
035 _a(Sirsi) u138697
041 0 _aeng
245 0 0 _aImpeccable source
260 _c2007
490 _aBuilding Services Journal
_vJune 2007, 65-68(4)
520 _aDescribes how ground source heating and cooling systems work and whether they can save money. Looks at open loop systems, closed loop systems, heat pump systems, the performance of ground source heat pumps, and thermally balanced systems. Tables show a comparison of energy consumption for groundwater cooling scheme, heating comparison for different technologies, and cooling comparison for different technologies.
590 _aKA
651 4 _aUnited Kingdom
_y
690 _aENVIRONMENTAL AND LAND CONSULTANCY-ENERGY-RENEWABLE ENERGY
690 _aBUILT ENVIRONMENT-BUILDING ELEMENTS-COMPLETE BUILDING SERVICES ELEMENTS-COMPLETE HEATING, VENTILATION AND AIR CONDITIONING SYSTEMS
942 _n0
999 _c78959
_d78959